| 000 | 00454nam a22001577a 4500 | ||
|---|---|---|---|
| 005 | 20150811110330.0 | ||
| 008 | 150811b xxu||||| |||| 00| 0 eng d | ||
| 020 | _a078609040 | ||
| 040 | _cPK-LaUMT | ||
| 082 |
_aKHC 297.822 _bFAR-S |
||
| 100 | _aFarhad Daftary | ||
| 245 |
_aA short history of the Ismailis _btraditions of a Muslim community _cFarhad Daftary |
||
| 260 |
_aCambridge _bEdinburgh university press _c1998 |
||
| 300 | _a248 p. | ||
| 942 | _cBK | ||
| 999 |
_c73746 _d73746 |
||